| 000 | 00528nam a22001817a 4500 | ||
|---|---|---|---|
| 005 | 20240125114743.0 | ||
| 008 | 200518b xxu||||| |||| 00| 0 eng d | ||
| 020 | _a9789384875244 | ||
| 041 | _aeng | ||
| 082 | _a615.16 DHA | ||
| 100 |
_aDHANAWAT, DR. MEENAKSHI, MEHTA, DR.RENA DAS , MEHTA, DR. DINESH KUMAR AND SAINI, DR. VIPIN _98404 |
||
| 245 | _aPHARMACEUTICAL INORGANIC CHEMISTRY | ||
| 250 | _a1'st | ||
| 260 |
_aModinagar (UP) _bUnnati Publication _c2018 |
||
| 300 | _a160 | ||
| 650 |
_aPharmacy _xB.PHARMA |
||
| 942 | _cBK | ||
| 999 |
_c6287 _d6285 |
||